00245nam a2200097Ia 4500008004100000082001600041100001900057245004400076260001700120300001000137210430s9999 xx 000 0 und d a613.2 K451P aDr.Khan M.Laiq aPoultry Feeds&NutritioncDr.Khan M.Laiq aLahorec2001 a324p.